The Weeknd: Hurry Up Tomorrow Trivia - Statistics

General Stats
  • This quiz has been taken 63 times
  • The average score is 8 of 10
Answer Stats
Hint Answer % Correct
"And I hope you'll ___ for me" Cry
95%
"Where do I start when I open my ___" Heart
93%
Most streamed song on album Timeless
91%
Artist featured on Sao Paulo Anitta
89%
Artist featured on The Abyss Lana del Rey
89%
First song on album Wake Me Up
89%
Final song on base album Hurry Up Tomorrow
84%
20th track on album Red Terror
76%
Number of tracks on base album Twenty Two
73%
"___ looking back at me, they're smiling" Reflections
56%
No matching quizzes found
Score Distribution
Percent of People with Each Score
Percentile by Number Answered
Your Score History
You have not taken this quiz